Library of the University of Algiers 3
Ibrahim Sultan Cheibout
شعار جامعة الجزائر 3
مكتبة جامعة الجزائر 3
إبراهيم سلطان شيبوط

تنمية مهارات تخطيط الموارد البشرية / (رقم التسجيلة. 45685)

تفاصيل مارك
000 -LEADER
fixed length control field 01126nam a2200241Ia 4500
003 - CONTROL NUMBER IDENTIFIER
control field Ost
005 - DATE AND TIME OF LATEST TRANSACTION
control field 20260507075655.0
008 - FIXED-LENGTH DATA ELEMENTS--GENERAL INFORMATION
fixed length control field 260507s9999||||xx |||||||||||||| ||und||
020 ## - INTERNATIONAL STANDARD BOOK NUMBER
International Standard Book Number 977383025X
040 ## - CATALOGING SOURCE
Transcribing agency fsecg
041 ## - LANGUAGE CODE
Language code of text/sound track or separate title ara
082 ## - DEWEY DECIMAL CLASSIFICATION NUMBER
Classification number 658.301
100 ## - MAIN ENTRY--PERSONAL NAME
Personal name البرادعي، بسيوني محمد
Relator term مؤلف
245 #0 - TITLE STATEMENT
Title تنمية مهارات تخطيط الموارد البشرية /
Statement of responsibility, etc. بسيوني محمد البرادعي
260 ## - PUBLICATION, DISTRIBUTION, ETC.
Place of publication, distribution, etc. القاهرة:
Name of publisher, distributor, etc. ايتراك للطباعة والنشر,
Date of publication, distribution, etc. 2005
300 ## - PHYSICAL DESCRIPTION
Extent 225 صفحة؛
Other physical details إيضاحات ؛
Dimensions 24 سم
490 ## - SERIES STATEMENT
Series statement سلسلة تنمية المهارات
504 ## - BIBLIOGRAPHY, ETC. NOTE
Bibliography, etc. note المراجع ص.224
520 ## - SUMMARY, ETC.
Summary, etc. أهمية الموارد البشرية، أنشطة ادارة الموارد البشرية، الدليل العلمي لتخطيط الموارد البشرية، مثال تطبيقي على تخطيط انشطة الموارد البشرية طبقا للتخطيط الاستراتيجي لإحدى الشركات.
653 ## - INDEX TERM--UNCONTROLLED
Uncontrolled term إدارة الأفراد
653 ## - INDEX TERM--UNCONTROLLED
Uncontrolled term الموارد البشرية
942 ## - ADDED ENTRY ELEMENTS (KOHA)
Koha item type كتب

لا توجد مواد متاحة.

موارد الويب المفتوحة


© University of Algiers 3 All Rights Reserved
|
Implemented by LECHELAH Riad